000 00682nam a2200205 a 4500
001 000041546
005 20201002035631.0
008 131009s1995 sp 000 0 spa d
020 _a8400075366
040 _aDO-SdBNP
_bspa
_cBNPHU
100 1 _aIbn Wafid,
_968283
245 1 0 _aKitâb al-adwiya al-mufrada =.
246 1 3 _aLibro de los medicamentos simples
260 _aMadrid :
_bConsejo Superior de Investigaciones Científicas,
_c1995.
300 _av. ;
_c24 cm.
490 1 _aFuentes arábico-hispanas
_v11
500 _aLa biblioteca posee el v. 1
710 2 _aConsejo Superior de Investigaciones Científicas
_94786
830 0 _aFuentes arábico-hispanas ;
_v11
_965581
999 _c41036
_d41036